000 00728nam a2200289Ia 4500
005 20260324133130.0
008 008 260324s9999 xx 000 0 eng d
020 _a9780203417492
037 _aEBOOK
040 _aCRL
040 _beng
040 _cCRL
041 _2eng
041 _aeng
084 _qCRL
100 _aGary D. Rawnsley; Ming-Yeh T. Rawnsley
_91173301
245 0 _aPolitical Communications in Greater China
245 4 _bThe Construction and Reflection of Identity
260 _bTaylor and Francis
260 _c2003
365 _a
365 _b230
856 _uhttp://www.taylorfrancis.com/books/9780203417492
942 _cEBOOK
999 _c1790691
_d1790691